000 00866nam a2200241 a 4500
001 000011304
005 20240412074225.0
008 091016s1998 dr 000 p spa d
040 _aDO-SdBNP
_bspa
_cBNPHU
082 _aRD861.44
_bS715p
100 1 _aSosa Almonte, José Ubaldo
_926898
245 1 0 _aPoemario de médicos /
_cJosé Ubaldo Sosa Almonte, Angel Rivera Juliao, Argelia Aybar Muñoz ; prólogo Julio Demorizi.
260 _aSanto Domingo :
_bAMD :
_bDe Colores,
_c1998.
300 _a92 p. ;
_c22 cm.
590 _aInventariado, 2019 / DG
650 0 _aPoesía dominicana
_966
650 0 _aLiteratura dominicana.
_967
700 1 2 _aRivera Juliao, Angel
_926899
700 1 2 _aAybar Muñoz, Argelia
_924311
700 1 2 _aDemorizi, Julio,
_epról.
_922322
710 2 _aAsocación Médica Dominicana
_926900
910 _aValidado. Control de calidad MFF
999 _c11011
_d11011